[Event "Niedersachsen-ch B"]
[Site "Verden"]
[Date "2010.01.04"]
[Round "3.4"]
[White "Vogel, Christopher"]
[Black "Holloway, Timo"]
[Result "0-1"]
[WhiteElo "1994"]
[BlackElo "2122"]
[PlyCount "110"]
[EventDate "2010.01.??"]
[EventType "swiss"]
[EventRounds "7"]
[EventCountry "GER"]
[SourceDate "2005.10.24"]

1. d4 Nf6 2. c4 e6 3. Nc3 Bb4 4. Qc2 c5 5. dxc5 Na6 6. a3 Bxc3+ 7. Qxc3 Nxc5 8.
Nf3 O-O 9. g3 b6 10. Bg2 Bb7 11. O-O Rc8 12. Bg5 Nfe4 13. Bxd8 Nxc3 14. Be7
Nxe2+ 15. Kh1 Rfe8 16. Bxc5 bxc5 17. Rfd1 Bxf3 18. Bxf3 Nd4 19. Kg2 a5 20. b4
axb4 21. axb4 Nxf3 22. Kxf3 cxb4 23. Rxd7 Rxc4 24. Raa7 {(=)} Rf8 25. Rab7 g6
26. h4 Kg7 27. Rd6 e5 28. Rdd7 h6 29. Re7 Kf6 30. Red7 Ke6 31. Re7+ Kf6 32.
Red7 g5 33. Rb6+ Kg7 34. hxg5 hxg5 35. Re7 g4+ 36. Ke3 Ra8 37. Rxe5 Ra3+ 38.
Kd2 Rf3 39. Rg5+ Kf8 40. Rb8+ Ke7 41. Re5+ Kd6 42. Re2 Kc7 43. Rb5 Kc6 44. Rb8
Rcc3 45. Ke1 b3 46. Ree8 Kc5 47. Rec8+ Kd4 48. Rb4+ Kd3 49. Rd8+ Kc2 50. Rd2+
Kb1 51. Rxg4 b2 52. Rb4 Rc2 53. Rxc2 Kxc2 54. Ke2 Rb3 55. Rc4+ Rc3 0-1

[Event "Niedersachsen-ch B"]
[Site "Verden"]
[Date "2010.01.04"]
[Round "3.5"]
[White "Struessmann, Frank"]
[Black "Merettig, Georg"]
[Result "1-0"]
[WhiteElo "2276"]
[BlackElo "1958"]
[PlyCount "135"]
[EventDate "2010.01.??"]
[EventType "swiss"]
[EventRounds "7"]
[EventCountry "GER"]
[SourceDate "2005.10.24"]

1. Nf3 Nc6 2. d4 e6 3. Bf4 f5 4. c3 Bd6 5. Bxd6 cxd6 6. Nbd2 Nf6 7. Qc2 O-O 8.
e4 fxe4 9. Nxe4 e5 {(=)} 10. O-O-O exd4 11. Nxd4 d5 12. Nxf6+ Qxf6 13. f3 d6
14. Kb1 Bd7 15. Bd3 g6 16. Qb3 Nxd4 17. cxd4 Bc6 18. Bc2 Rae8 19. Qd3 Qg5 20.
Qd2 Qxd2 21. Rxd2 Re3 22. Bd3 Rfe8 23. Kc1 Bd7 24. Rdd1 Rf8 25. Kd2 Ree8 26.
Rhe1 Kg7 27. Rxe8 Rxe8 28. Rc1 Bc6 29. b4 a6 30. Bxa6 Ra8 31. Bd3 Rxa2+ 32. Rc2
Rxc2+ 33. Bxc2 Bb5 34. Ke3 g5 35. f4 h6 36. g3 Bd7 37. Bb3 Be6 38. Kf3 g4+ 39.
Ke3 Kf6 40. Kd2 b5 41. Ke3 Bf7 42. Bd1 h5 43. Bb3 Be6 44. Kf2 Kf5 45. Bc2+ Kf6
46. Bd3 Bd7 47. Kg2 Kf7 48. h3 gxh3+ 49. Kh2 Kf6 50. Bf1 Kg6 51. Bxh3 Bg4 52.
Bf1 Bd7 53. Bd3+ Kf6 54. Kg2 Kg7 55. Kf3 Kf6 56. Ke3 Be8 57. Be2 Kf5 58. Kf3
Kf6 59. Kg2 Kf5 60. Bd3+ Kf6 61. Kh3 Kg7 62. Kh4 Kf6 63. Be2 Kf5 64. Bxh5 Bc6
65. Bf3 Bb7 66. Kh3 Bc6 67. Kg2 Bb7 68. Kf2 1-0

[Event "Niedersachsen-ch B"]
[Site "Verden"]
[Date "2010.01.04"]
[Round "3.6"]
[White "Neumair, Cedric"]
[Black "Lossin, Sven Hendrik"]
[Result "1/2-1/2"]
[WhiteElo "1842"]
[BlackElo "2067"]
[PlyCount "63"]
[EventDate "2010.01.??"]
[EventType "swiss"]
[EventRounds "7"]
[EventCountry "GER"]
[SourceDate "2005.10.24"]

1. d4 d5 2. c4 e6 3. Nc3 Nf6 4. cxd5 exd5 5. Bg5 Be7 6. e3 h6 7. Bh4 O-O 8. Bd3
b6 9. Qc2 Bb7 10. Nf3 Nbd7 11. O-O Nh5 12. Bxe7 Qxe7 13. Rfe1 Nhf6 14. e4 dxe4
15. Nxe4 Bxe4 16. Bxe4 Nxe4 17. Rxe4 Qd6 18. Rc1 Nf6 19. Re5 Nd5 20. Qa4 Nb4
21. Rc3 a5 22. a3 Nd5 23. Rc6 Qd7 24. Qc4 Rad8 25. Rh5 Nf4 26. Rh4 Qf5 27. h3
Nd5 28. Qc1 Rd6 29. Ne5 Rxc6 30. Qxc6 Rd8 31. Rg4 Qf6 32. Qc1 1/2-1/2

[Event "Niedersachsen-ch B"]
[Site "Verden"]
[Date "2010.01.04"]
[Round "3.7"]
[White "Niehaus, Stephan"]
[Black "Oehne, Timo"]
[Result "1-0"]
[WhiteElo "2108"]
[BlackElo "1644"]
[PlyCount "75"]
[EventDate "2010.01.??"]
[EventType "swiss"]
[EventRounds "7"]
[EventCountry "GER"]
[SourceDate "2005.10.24"]

1. d4 Nf6 2. Bf4 g6 3. e3 Bg7 4. Nf3 d6 5. h3 Nbd7 6. Be2 O-O 7. O-O Qe8 8. c4
e5 9. Bh2 Ne4 10. Nbd2 Nxd2 11. Qxd2 a5 12. b3 b6 13. a3 Bb7 14. Rfc1 f5 15. b4
Qe7 16. Rab1 Ra7 17. c5 bxc5 18. bxc5 dxc5 19. dxe5 Be4 20. e6 Nb6 21. Rb5 Rd8
22. Qe1 c4 23. Rxa5 Rxa5 24. Qxa5 c3 25. Nd4 Rxd4 26. exd4 Bxd4 27. Rxc3 Bxc3
28. Qxc3 Nd5 {(=)} 29. Qb2 Nb6 30. Qe5 Bd5 31. Qxc7 Qxe6 32. Qb8+ Kf7 33. Bd6
Nd7 34. Qc7 Kg7 35. Bb5 Qe1+ 36. Kh2 Qxf2 37. Qxd7+ Kh6 38. Bf8+ 1-0

[Event "Niedersachsen-ch B"]
[Site "Verden"]
[Date "2010.01.04"]
[Round "3.8"]
[White "Schuette, Marc"]
[Black "Kaphle, Narendra"]
[Result "1-0"]
[WhiteElo "2242"]
[BlackElo "1466"]
[PlyCount "103"]
[EventDate "2010.01.??"]
[EventType "swiss"]
[EventRounds "7"]
[EventCountry "GER"]
[SourceDate "2005.10.24"]

1. e4 e5 2. d4 Nc6 3. d5 Nb8 4. Nf3 d6 5. c4 Nf6 6. Nc3 Na6 7. Qc2 Be7 8. h3
O-O 9. Be2 Bd7 10. Be3 b6 11. a3 Rc8 12. b4 Nb8 13. Nb5 Bxb5 14. cxb5 Ne8 15.
O-O Qd7 16. Nh2 Nf6 17. Rfc1 Qd8 18. a4 Nbd7 19. Ra3 Ne8 20. Rc3 Ndf6 21. a5
Rb8 22. g4 Kh8 23. f3 Ng8 24. Qd2 Rb7 25. Nf1 Rb8 26. Kg2 Rb7 27. Bd3 f6 28.
Ng3 g6 29. R1c2 Rf7 30. Qc1 Bf8 31. Ne2 Rb8 32. h4 Bg7 33. Ng3 Rb7 34. Qd2 Rb8
35. Rc1 Rb7 36. Rh1 Rb8 37. Qc1 Qd7 38. Rh2 Ne7 39. h5 g5 40. Kh3 h6 41. Rc6
Nxc6 42. bxc6 Qc8 43. Ra2 Bf8 44. Nf5 Kh7 45. Qf1 Ng7 46. Ba6 Qd8 47. Ng3 Ne8
48. Bb7 Kg8 49. Qa6 Qe7 50. Nf5 Qd8 51. Qxa7 bxa5 52. bxa5 1-0

[Event "Niedersachsen-ch B"]
[Site "Verden"]
[Date "2010.01.04"]
[Round "3.9"]
[White "Duessler, Stefanie"]
[Black "Sawadkuhi, Massoud Amir"]
[Result "0-1"]
[WhiteElo "1784"]
[BlackElo "2227"]
[PlyCount "82"]
[EventDate "2010.01.??"]
[EventType "swiss"]
[EventRounds "7"]
[EventCountry "GER"]
[SourceDate "2005.10.24"]

1. e4 c5 2. Nc3 a6 3. a4 e6 4. Bc4 Ne7 5. d3 Nbc6 6. f4 d5 7. Bb3 Nd4 8. Ba2 b5
9. Nf3 Bb7 10. e5 Nef5 11. Nxd4 cxd4 12. Ne2 Qh4+ 13. g3 Qh3 14. Kf2 Bc5 15.
Ng1 Qh6 16. Nf3 Ne3 17. Qe2 O-O 18. Kg1 f6 19. Bxe3 dxe3 20. d4 fxe5 21. dxc5
exf4 22. Nd4 Rad8 23. c6 Bc8 24. Rf1 e5 25. c7 Rd6 26. Nf3 e4 27. Nd4 f3 28.
Nxf3 Bg4 29. Ng5 Qxg5 30. Rxf8+ Kxf8 31. h4 Qf6 32. Rh2 Qf3 33. axb5 axb5 34.
Qxb5 Qd1+ 35. Qf1+ Qxf1+ 36. Kxf1 Rf6+ 37. Ke1 Ra6 38. c8=Q+ Bxc8 39. Bxd5 Bg4
40. Kf1 Ra1+ 41. Kg2 e2 0-1

[Event "Niedersachsen-ch B"]
[Site "Verden"]
[Date "2010.01.04"]
[Round "3.10"]
[White "Andre, Wolfgang"]
[Black "Grigorian, Spartak"]
[Result "1-0"]
[WhiteElo "2208"]
[BlackElo "1762"]
[PlyCount "83"]
[EventDate "2010.01.??"]
[EventType "swiss"]
[EventRounds "7"]
[EventCountry "GER"]
[SourceDate "2005.10.24"]

1. b3 e5 2. Bb2 Nc6 3. e3 g6 4. Bb5 d6 5. f4 Bg7 6. Nf3 Bg4 7. Bxc6+ bxc6 8. h3
Bxf3 9. Qxf3 Ne7 10. e4 O-O 11. fxe5 dxe5 12. Na3 Nf5 13. O-O-O Nd4 14. Qd3 Qe7
15. Kb1 Rfd8 16. Qc4 Rab8 17. c3 Nb5 18. Nc2 a5 19. Ka1 Bh6 20. d3 a4 21. bxa4
Nd6 22. Qc5 Ra8 23. a5 Qe6 24. Nb4 Bf8 25. Nxc6 Nxe4 26. Nxd8 Nxc5 27. Nxe6
Nxe6 28. Rhe1 Rxa5 29. d4 exd4 30. cxd4 Rd5 31. Re5 Rd7 32. Ra5 h5 33. Ra8 Kh7
34. d5 Bg7 35. Bxg7 Kxg7 36. Kb2 Nf4 37. Rd2 Nxd5 38. a4 c5 39. Ka3 Kf6 40. Rc8
Nb6 41. Rc6+ Ke7 42. Re2+ 1-0

[Event "Niedersachsen-ch B"]
[Site "Verden"]
[Date "2010.01.04"]
[Round "3.11"]
[White "Sturm, Timo"]
[Black "Kiesel, Harald"]
[Result "0-1"]
[WhiteElo "1865"]
[BlackElo "2165"]
[PlyCount "100"]
[EventDate "2010.01.??"]
[EventType "swiss"]
[EventRounds "7"]
[EventCountry "GER"]
[SourceDate "2005.10.24"]

1. e4 e6 2. b3 d5 3. Bb2 dxe4 4. Nc3 Nf6 5. Qe2 Be7 6. O-O-O b6 7. Nxe4 a5 8.
g4 a4 9. Bg2 Ra5 10. Bc3 axb3 11. axb3 Ba6 12. Qf3 Nd5 13. Bxa5 Ba3+ 14. Kb1
bxa5 15. Nc3 Bb7 16. Nxd5 Bxd5 17. Qg3 Bxg2 18. Qxg2 Qd4 19. c3 Qd3+ 20. Ka2
Qc2+ 21. Kxa3 Qxd1 22. Nf3 Qc2 23. Qf1 Qe4 24. Nd4 O-O 25. f3 Qf4 26. Qe2 c5
27. Nc2 Nc6 28. Ne3 Ne5 29. Nc4 Qxf3 30. Qxf3 Nxf3 31. Kb2 Rd8 32. Kc2 g5 33.
h3 f5 34. Rf1 fxg4 35. hxg4 Nh2 36. Rg1 Kg7 37. Nxa5 Nf3 38. Rd1 h5 39. gxh5 g4
40. Nc4 g3 41. Ne3 Kh6 42. d3 Kxh5 43. Rf1 Nh4 44. Rg1 Rg8 45. Kd1 Nf5 46. Rh1+
Kg5 47. Ng2 Ra8 48. Re1 Ra1+ 49. Ke2 Ra2+ 50. Kf3 Rf2+ 0-1

[Event "Niedersachsen-ch B"]
[Site "Verden"]
[Date "2010.01.04"]
[Round "3.12"]
[White "Schwenteck, Peter"]
[Black "Pautz, Peter"]
[Result "0-1"]
[WhiteElo "1759"]
[BlackElo "2026"]
[PlyCount "106"]
[EventDate "2010.01.??"]
[EventType "swiss"]
[EventRounds "7"]
[EventCountry "GER"]
[SourceDate "2005.10.24"]

1. d4 Nf6 2. Nf3 e6 3. e3 b6 4. Bd3 Bb7 5. Nbd2 c5 6. c3 Nc6 7. O-O Qc7 8. b3
d5 9. Ba3 Bd6 10. Rc1 Rc8 11. h3 O-O 12. Re1 e5 13. dxe5 Nxe5 14. Nxe5 Bxe5 15.
Nf3 Bd6 16. Bb2 c4 17. Bf5 Rcd8 18. Nd4 a6 19. Bg4 Rfe8 20. Bf3 Ne4 21. Rc2 b5
22. Qc1 Nc5 23. Be2 Bc8 24. Ba3 Ne4 25. Bxd6 Rxd6 26. Bf3 Nc5 27. Rd1 Qe7 28.
Ne2 Bf5 29. Rcd2 Nd3 30. Qa3 Be4 31. Nd4 Red8 32. Nc6 Qf6 33. Nxd8 Bxf3 34.
gxf3 Qxd8 35. Rxd3 cxd3 36. Kf1 Rc6 37. Rxd3 Qc8 38. Qe7 Re6 39. Qg5 Rf6 40.
Qxd5 Qxh3+ 41. Ke2 h5 42. Qe4 Qc8 43. Qh4 Qf5 44. e4 Re6 45. Kd2 Qg6 46. Qg3
Qh6+ 47. Kc2 h4 48. Qh3 Qf6 49. Qg4 Qh6 50. Rd5 Rg6 51. Rd8+ Kh7 52. Qf5 Qg5
53. Qxf7 Qxd8 0-1

[Event "Niedersachsen-ch B"]
[Site "Verden"]
[Date "2010.01.04"]
[Round "3.13"]
[White "Kaiser, Gerhard"]
[Black "Fischer, Manfred3 (1934)"]
[Result "1-0"]
[WhiteElo "1965"]
[BlackElo "1946"]
[PlyCount "149"]
[EventDate "2010.01.??"]
[EventType "swiss"]
[EventRounds "7"]
[EventCountry "GER"]
[SourceDate "2005.10.24"]

1. e4 e5 2. Nf3 Nc6 3. Bb5 a6 4. Ba4 Nf6 5. Qe2 d6 6. c3 b5 7. Bb3 Na5 8. Bc2
c5 9. O-O Nc6 10. d3 Be7 11. Rd1 O-O 12. Nbd2 Bg4 13. h3 Bh5 14. Nf1 h6 15. Ng3
Bg6 16. Nh4 Bh7 17. Nhf5 Re8 18. d4 Qc7 19. d5 Nb8 20. a4 b4 21. cxb4 cxb4 22.
a5 Bf8 23. Ba4 Nfd7 24. Bd2 Rc8 25. Rdc1 Nc5 26. Bxb4 Nbd7 27. Bc6 Rab8 28. Qc4
g6 29. Ne3 Rxb4 30. Qxb4 Rb8 31. Qc4 Nb3 32. Bxd7 Qxd7 33. Qxa6 h5 34. Qc6 Qa7
35. Nc4 Nd4 36. Qa4 h4 37. Nh1 Ne2+ 38. Kf1 Nxc1 39. Rxc1 Qd4 40. Qc2 Bh6 41.
Rd1 Qc5 42. f3 Bf4 43. Nf2 Rc8 44. b3 Qxa5 45. Nxa5 Rxc2 46. Nd3 Bg5 47. Nc4
Be7 48. Rc1 Rxc1+ 49. Nxc1 f5 50. Ke2 fxe4 51. fxe4 g5 52. Kd3 Kf8 53. Ne2 Bg6
54. Nc3 Be8 55. b4 Bd7 56. b5 Ke8 57. Nb6 Bd8 58. Nxd7 Kxd7 59. Kc4 Bb6 60. Na4
{Ab hier unklar.} Be3 61. Kd3 Bd4 62. Nc3 Kc7 63. Kc4 Kb6 64. Nb1 Be3 65. Na3
Ka5 66. Nc2 Bc5 67. Ne1 Be3 68. Nf3 Kb6 69. Nh2 Bf4 70. Ng4 Bc1 71. Nh6 Be3 72.
Nf7 Kc7 73. Kb4 Bd2+ 74. Ka4 Kd7 75. b6 1-0

[Event "Niedersachsen-ch B"]
[Site "Verden"]
[Date "2010.01.04"]
[Round "3.14"]
[White "Munk, Leonhard"]
[Black "Brunotte, Peter"]
[Result "1/2-1/2"]
[WhiteElo "1751"]
[BlackElo "1991"]
[PlyCount "99"]
[EventDate "2010.01.??"]
[EventType "swiss"]
[EventRounds "7"]
[EventCountry "GER"]
[SourceDate "2005.10.24"]

1. d4 Nf6 2. c4 g6 3. Nc3 Bg7 4. e4 d6 5. Nf3 O-O 6. Be2 Nbd7 7. O-O e5 8. dxe5
dxe5 9. b3 c6 10. Bb2 Qc7 11. Qc2 Re8 12. Rfd1 Nc5 13. Ba3 Bf8 14. Bxc5 Bxc5
15. a3 Ng4 16. Rf1 f5 17. b4 Bf8 18. h3 Nf6 19. Nh4 f4 20. Rad1 g5 21. Nf5 Bxf5
22. exf5 e4 23. Rd4 e3 24. Ne4 exf2+ 25. Kh1 Nxe4 26. Rxe4 Rxe4 27. Qxe4 Qe7
28. Qxe7 Bxe7 29. Rxf2 Bf6 30. Bf3 Re8 31. Re2 Rxe2 32. Bxe2 Bd4 33. g3 {
Hier waren sich beide Spieler über die Züge nicht so ganz einig. Später stimmt
es wohl wieder.} fxg3 34. Kg2 Be5 35. Kf3 Kf7 36. Bf1 Kf6 37. Ke4 a6 38. a4 b5
39. axb5 axb5 40. Kf3 bxc4 41. Bxc4 Kxf5 42. Bd3+ Ke6 43. Bxh7 Bc3 44. Kxg3
Bxb4 45. Kg4 Be7 46. Kf3 Ke5 47. Ke3 Kd5 48. Kd3 Kc5 49. Bf5 Kb4 50. Kc2
1/2-1/2

[Event "Niedersachsen-ch B"]
[Site "Verden"]
[Date "2010.01.04"]
[Round "3.15"]
[White "Tenninger, Joerg"]
[Black "Raum, Sebastian"]
[Result "0-1"]
[WhiteElo "1566"]
[BlackElo "1910"]
[PlyCount "96"]
[EventDate "2010.01.??"]
[EventType "swiss"]
[EventRounds "7"]
[EventCountry "GER"]
[SourceDate "2005.10.24"]

1. d4 Nf6 2. c4 g6 3. Nc3 Bg7 4. Nf3 O-O 5. e3 d6 6. Be2 Nbd7 7. O-O e5 8. Qc2
c6 9. Rd1 Qe7 10. b4 Rd8 11. Bb2 e4 12. Nd2 d5 13. c5 Nf8 14. b5 Bg4 15. bxc6
bxc6 16. Qa4 Qc7 17. h3 Bxe2 18. Nxe2 Rdb8 19. Bc3 Rb5 20. Rab1 Rab8 21. Rb3
N6d7 22. Rdb1 Rxb3 23. Rxb3 Ne6 24. Ra3 Rb7 25. Ba5 Qc8 26. Rb3 Bf6 27. Nc3 Nb8
28. Rxb7 Qxb7 29. Qb4 Qxb4 30. Bxb4 Nd8 31. Ba5 Nb7 32. Bc7 Na6 33. Bg3 Naxc5
34. Nxd5 cxd5 35. dxc5 Nxc5 36. Kf1 Bg7 37. Ke2 f5 38. Bb8 a6 39. Ba7 Nd3 40.
a4 Kf7 41. Nb3 Ke6 42. Nd4+ Bxd4 43. Bxd4 Kd6 44. g4 Nc5 45. a5 Nb3 46. Bb6 Kc6
47. f3 Kb5 48. gxf5 gxf5 0-1

[Event "Niedersachsen-ch B"]
[Site "Verden"]
[Date "2010.01.04"]
[Round "3.16"]
[White "Rieping, Heiner"]
[Black "Finke, Maurice"]
[Result "1-0"]
[WhiteElo "1800"]
[BlackElo "1411"]
[PlyCount "51"]
[EventDate "2010.01.??"]
[EventType "swiss"]
[EventRounds "7"]
[EventCountry "GER"]
[SourceDate "2005.10.24"]

1. e4 c5 2. Nf3 e6 3. d4 cxd4 4. Nxd4 Nc6 5. Be3 Qc7 6. Nc3 a6 7. Qd2 Nf6 8. f3
Ne5 9. g4 h6 10. O-O-O Bb4 11. h4 b5 12. Be2 Bb7 13. g5 Ng8 14. gxh6 Nxh6 15.
Rdg1 Rc8 16. Rxg7 Bxc3 17. bxc3 Qxc3 18. Qxc3 Rxc3 19. Bd2 Rc8 20. Rhg1 Ng6 21.
Bb4 d5 22. R1xg6 dxe4 23. fxe4 a5 24. Rxe6+ Kd8 25. Bxa5+ Kd7 26. Bxb5+ 1-0

[Event "Niedersachsen-ch B"]
[Site "Verden"]
[Date "2010.01.04"]
[Round "3.17"]
[White "Kausche, Peter W"]
[Black "Hartogh, Tim"]
[Result "1-0"]
[WhiteElo "1549"]
[BlackElo "1862"]
[PlyCount "57"]
[EventDate "2010.01.??"]
[EventType "swiss"]
[EventRounds "7"]
[EventCountry "GER"]
[SourceDate "2005.10.24"]

1. g3 d5 2. Bg2 c6 3. Nf3 Nf6 4. b3 g6 5. Bb2 Bg7 6. O-O O-O 7. d3 Bf5 8. Nbd2
Qc8 9. c4 Bh3 10. cxd5 Nxd5 11. Bxg7 Kxg7 12. e4 Bxg2 13. Kxg2 Nf6 14. Qc2 h5
15. e5 Nd5 16. Ne4 Rh8 17. Nc3 Nb4 18. Qe2 h4 19. e6 hxg3 20. fxg3 f6 21. a3
N4a6 22. d4 Nc7 23. Rae1 Qd8 24. Qe4 Nd5 25. Nxd5 cxd5 26. Qg4 Qb6 27. Ne5 g5
28. Nf7 Rh7 29. Nxg5 1-0

[Event "Niedersachsen-ch B"]
[Site "Verden"]
[Date "2010.01.04"]
[Round "3.18"]
[White "Boehm, Jana"]
[Black "Poelig, Juergen"]
[Result "0-1"]
[WhiteElo "1445"]
[BlackElo "1807"]
[PlyCount "54"]
[EventDate "2010.01.??"]
[EventType "swiss"]
[EventRounds "7"]
[EventCountry "GER"]
[SourceDate "2005.10.24"]

1. e4 e6 2. d4 d5 3. exd5 exd5 4. Bd3 Bd6 5. Ne2 Nc6 6. c3 Nge7 7. Bf4 Bg4 8.
f3 Be6 9. Qc2 Qd7 10. Bxd6 Qxd6 11. Nd2 O-O-O 12. O-O-O g6 13. g4 h5 14. h3 Rh7
15. g5 h4 16. Nf1 Nf5 17. Bxf5 Bxf5 18. Qb3 Qe7 19. Nf4 Qxg5 20. Re1 Qxf4+ 21.
Nd2 Rh5 22. Kd1 Rg5 23. Re2 Rg3 {Welcher Th2?} 24. Reh2 Qg5 25. Ke1 Rg1+ 26.
Kf2 Qg3+ 27. Ke3 Re8+ 0-1

[Event "Niedersachsen-ch B"]
[Site "Verden"]
[Date "2010.01.04"]
[Round "3.19"]
[White "Hoellmann, Ludger"]
[Black "Roehl, Bernd"]
[Result "1-0"]
[WhiteElo "2237"]
[BlackElo "1718"]
[PlyCount "65"]
[EventDate "2010.01.??"]
[EventType "swiss"]
[EventRounds "7"]
[EventCountry "GER"]
[SourceDate "2005.10.24"]

1. d4 Nf6 2. Bf4 d5 3. e3 c6 4. Bd3 Qb6 5. b3 g6 6. Nf3 Bg7 7. O-O Bg4 8. Nbd2
Nh5 9. Bg5 f6 10. Bh4 e5 11. dxe5 fxe5 12. e4 O-O 13. h3 Bxf3 14. Nxf3 Nf4 15.
Be7 Re8 16. Ba3 Nd7 17. Bc1 Nxd3 18. cxd3 Nf6 19. Qc2 Nh5 20. Be3 Qd8 21. g3
Qd7 22. Kg2 h6 23. Rad1 d4 24. Bc1 Kh7 25. Ba3 b6 26. Rc1 c5 27. b4 cxb4 28.
Bxb4 Rac8 29. Qb3 Rxc1 30. Rxc1 Rc8 31. Rxc8 Qxc8 32. Qf7 a5 33. Bd6 1-0

[Event "Niedersachsen-ch B"]
[Site "Verden"]
[Date "2010.01.04"]
[Round "3.20"]
[White "Renner, Kai"]
[Black "Hanemann, Henno"]
[Result "1-0"]
[WhiteElo "2191"]
[BlackElo "1838"]
[PlyCount "73"]
[EventDate "2010.01.??"]
[EventType "swiss"]
[EventRounds "7"]
[EventCountry "GER"]
[SourceDate "2005.10.24"]

1. e4 e5 2. Nf3 Nc6 3. Bb5 a6 4. Ba4 Nf6 5. O-O Be7 6. Re1 b5 7. Bb3 O-O 8. d3
d6 9. c3 Na5 10. Bc2 Nc6 11. Nbd2 Re8 12. Nf1 Bf8 13. h3 Ne7 14. Ng3 Ng6 15. a4
Bb7 16. d4 d5 17. axb5 axb5 18. Rxa8 Qxa8 19. Nxe5 Nxe5 20. dxe5 Nxe4 21. Nxe4
dxe4 22. Bf4 Bc5 23. Qe2 Qa7 24. b4 Bb6 25. Bg3 Qa3 26. Qxb5 Rd8 27. e6 fxe6
28. Qe5 Bd5 29. Bxe4 Qa2 30. Bxd5 Qxd5 31. Qxe6+ Qxe6 32. Rxe6 Rd1+ 33. Kh2 Rc1
34. Rc6 Rf1 35. c4 Kf7 36. c5 Rb1 37. cxb6 1-0

[Event "Niedersachsen-ch B"]
[Site "Verden"]
[Date "2010.01.04"]
[Round "3.21"]
[White "Kramer, Norbert"]
[Black "Guennigmann, Manuel"]
[Result "0-1"]
[WhiteElo "1801"]
[BlackElo "2164"]
[PlyCount "40"]
[EventDate "2010.01.??"]
[EventType "swiss"]
[EventRounds "7"]
[EventCountry "GER"]
[SourceDate "2005.10.24"]

1. e4 c5 2. Nc3 Nc6 3. Bb5 Nd4 4. f4 Nxb5 5. Nxb5 d5 6. exd5 Nf6 7. c4 a6 8.
Nc3 e6 9. Qe2 Be7 10. dxe6 Bxe6 11. Nf3 O-O 12. O-O Bf5 13. Ne5 Bd6 14. Rf3 Re8
15. Re3 Bxe5 16. Rxe5 Rxe5 17. Qxe5 Ng4 18. Qd5 Qh4 19. Qf3 Qxh2+ 20. Kf1 Qh1+
0-1

[Event "Niedersachsen-ch B"]
[Site "Verden"]
[Date "2010.01.04"]
[Round "3.23"]
[White "Rethmann, Kristin"]
[Black "Vetter, Torsten"]
[Result "0-1"]
[WhiteElo "1784"]
[BlackElo "2039"]
[PlyCount "58"]
[EventDate "2010.01.??"]
[EventType "swiss"]
[EventRounds "7"]
[EventCountry "GER"]
[SourceDate "2005.10.24"]

1. e4 c6 2. d4 d5 3. exd5 cxd5 4. c3 Nc6 5. Bd3 g6 6. Bf4 Nh6 7. Nf3 Bf5 8.
Bxh6 Bxd3 9. Bxf8 Bxb1 10. Rxb1 Kxf8 11. O-O Kg7 12. Qd2 Qd6 13. Rfe1 e6 14.
Ne5 Nxe5 15. Rxe5 Rac8 16. Rc1 Rc6 17. Ree1 b5 18. Rc2 Rhc8 19. Rec1 Qc7 20. b3
Qa5 21. Qd3 a6 22. g3 Qa3 23. Qe2 Qd6 24. Kg2 R8c7 25. f4 f6 26. Qd3 Qd7 27. c4
dxc4 28. bxc4 bxc4 29. Rxc4 Qd5+ 0-1

[Event "Niedersachsen-ch B"]
[Site "Verden"]
[Date "2010.01.04"]
[Round "3.24"]
[White "Stotyn, Fabian"]
[Black "Suendorf, Dominik"]
[Result "1-0"]
[WhiteElo "2052"]
[BlackElo "1752"]
[PlyCount "86"]
[EventDate "2010.01.??"]
[EventType "swiss"]
[EventRounds "7"]
[EventCountry "GER"]
[SourceDate "2005.10.24"]

1. e4 c5 2. Nc3 Nc6 3. g4 a6 4. Bg2 e6 5. d3 Nge7 6. f4 d5 7. e5 Ng6 8. Nf3 Be7
9. O-O b5 10. Ne2 Bb7 11. d4 Rc8 12. c3 cxd4 13. cxd4 Qb6 14. Kh1 Nh4 15. Be3
Nxf3 16. Rxf3 Nb4 17. Nc3 h5 18. Rh3 Kd7 19. a3 Nc6 20. gxh5 Na5 21. Bf2 Nc4
22. Qe2 a5 23. f5 b4 24. axb4 axb4 25. Nd1 Bg5 26. Qg4 Bh6 27. Rf3 Rhf8 28. Bh3
Nd2 29. fxe6+ fxe6 30. Rxf8 Rxf8 31. Be3 Rf7 32. Bxh6 gxh6 33. Qg6 Rf3 34. Qg7+
Kc6 35. Bxe6 Rf1+ 36. Kg2 Qxd4 37. Qd7+ Kb6 38. Qd8+ Kb5 39. Bd7+ Kc4 40. Qc7+
Bc6 41. Qxc6+ Kd3 42. Qg6+ Kc4 43. Qa6+ Kc5 1-0

[Event "Niedersachsen-ch B"]
[Site "Verden"]
[Date "2010.01.04"]
[Round "3.25"]
[White "Roemer, Helmut"]
[Black "Meyer, Juergen"]
[Result "0-1"]
[WhiteElo "1672"]
[BlackElo "2093"]
[PlyCount "128"]
[EventDate "2010.01.??"]
[EventType "swiss"]
[EventRounds "7"]
[EventCountry "GER"]
[SourceDate "2005.10.24"]

1. d4 Nf6 2. c4 e6 3. Nc3 Bb4 4. Qb3 c5 5. Nf3 O-O 6. dxc5 Nc6 7. Bg5 h6 8. Bf4
Bxc5 9. e4 d5 10. O-O-O dxc4 11. Bxc4 Qe7 12. Rhe1 Na5 13. Qa4 Nxc4 14. Qxc4 b5
15. Nxb5 Ba6 16. Qa4 Qb7 17. Nc7 Rab8 18. b3 Rbc8 19. Qxa6 Qxa6 20. Nxa6 Be3+
21. Kb1 Bxf4 22. g3 Rc3 23. Nd4 Be5 24. f4 Bxd4 25. Rxd4 Rfc8 26. Red1 Kh7 27.
Nb4 a5 28. Nd3 Ng4 29. Ne5 Nxe5 30. fxe5 R3c5 31. Rd7 Rxe5 32. Rxf7 Rxe4 33.
Rdd7 Rg8 34. Ra7 Kg6 35. Rf2 a4 36. Kb2 Rb8 37. Rff7 axb3 38. axb3 Re2+ 39. Ka3
Rxh2 40. Rxg7+ Kf5 41. Rgf7+ Ke4 42. Ra4+ Ke3 43. Rf6 e5 44. Re6 Rb5 45. Rh4
Rg2 46. Rhxh6 Rxg3 47. Ka4 Rd5 48. Rh4 Rd4+ 49. Rxd4 Kxd4 50. Rd6+ Ke3 51. Kb5
e4 52. Re6 Kd2 53. Rd6+ Kc2 54. b4 Rg5+ 55. Kc4 Re5 56. Kd4 e3 57. Kxe5 e2 58.
b5 e1=Q+ 59. Kd5 Kb3 60. Kc5 Qb4+ 61. Kc6 Qc4+ 62. Kb7 Ka4 63. Rb6 Ka5 64. Ka7
Qc5 0-1

[Event "Niedersachsen-ch B"]
[Site "Verden"]
[Date "2010.01.04"]
[Round "3.26"]
[White "Jung, Gerald"]
[Black "Rose, Shawn"]
[Result "1-0"]
[WhiteElo "2048"]
[BlackElo "1650"]
[PlyCount "45"]
[EventDate "2010.01.??"]
[EventType "swiss"]
[EventRounds "7"]
[EventCountry "GER"]
[SourceDate "2005.10.24"]

1. e4 g6 2. d4 Bg7 3. Nc3 d6 4. Be3 c6 5. Bc4 b5 6. Nxb5 cxb5 7. Bd5 Qb6 8.
Bxa8 Bb7 9. Bxb7 Qxb7 10. f3 Nf6 11. Ne2 O-O 12. O-O Nfd7 13. c3 Nc6 14. b4 a6
15. a4 Nb6 16. axb5 axb5 17. Qc1 Rc8 18. Qe1 Nc4 19. Ng3 Qb6 20. Bf2 Qd8 21.
Ra2 Bh6 22. Qe2 Qb6 23. d5 1-0

[Event "Niedersachsen-ch B"]
[Site "Verden"]
[Date "2010.01.04"]
[Round "3.27"]
[White "Schaar, Andreas"]
[Black "Brehm, Stefan"]
[Result "1/2-1/2"]
[WhiteElo "1993"]
[BlackElo "1640"]
[PlyCount "89"]
[EventDate "2010.01.??"]
[EventType "swiss"]
[EventRounds "7"]
[EventCountry "GER"]
[SourceDate "2005.10.24"]

1. d4 Nf6 2. Nf3 c5 3. e3 d5 4. c3 e6 5. Bd3 Bd6 6. O-O O-O 7. Nbd2 Nc6 8. Qe2
e5 9. dxe5 Nxe5 10. Nxe5 Bxe5 11. f4 Bg4 12. Nf3 Bc7 13. h3 Bd7 14. g4 Qe7 15.
Qf2 Ne4 16. Qg2 Bc6 17. Bxe4 Qxe4 18. Nh4 Bb5 19. Re1 Bd3 20. Qxe4 dxe4 21. b3
b5 22. Ba3 Bb6 23. Kf2 Rfe8 24. Rac1 c4 25. Bd6 Re6 26. Nf5 g6 27. Rg1 Kh8 28.
Nh6 Kg7 29. Nf5+ Kh8 30. Nh6 Kg7 {(=)} 31. Nf5+ Kh8 32. Be5+ Rxe5 33. fxe5 gxf5
34. gxf5 Re8 35. Rg5 Rxe5 36. Rcg1 Re8 37. Rg7 Bd8 38. Rxf7 Rg8 39. Rxg8+ Kxg8
40. Rxa7 Bh4+ 41. Kg2 cxb3 42. axb3 Bg5 43. Kf2 Bh4+ 44. Kg2 Bg5 45. Kf2
1/2-1/2